Применение метода подвижных клеточных автоматов для оптимизации внутренней структуры эндопротеза тазобедренного сустава человека; Известия Томского политехнического университета [Известия ТПУ]; Т. 307, № 6

Bibliografiske detaljer
Parent link:Известия Томского политехнического университета [Известия ТПУ]/ Томский политехнический университет (ТПУ).— , 2000-
Т. 307, № 6.— 2004.— [С. 116-121]
Andre forfattere: Коноваленко И. С. Игорь Сергеевич, Шилько Е. В. Евгений Викторович, Псахье С. Г. Сергей Григорьевич, Карлов А. В., Смолин А. Ю. Алексей Юрьевич
Summary:Заглавие с титульного листа
Электронная версия печатной публикации
На основе метода подвижных клеточных автоматов проведено изучение влияния конструкционных изменений эндопротеза тазобедренного сустава человека на деформационные и прочностные свойства, а также динамику генерации и развития повреждений в системе "сустав-эндопротез-бедренная кость". Структура протеза модифицировалась введением в шейку демпфирующих включений и нанесением покрытия на ножку имплантата. Показано, что наличие таких включений практически не изменяет прочность системы, но при этом ведет к заметному увеличению предельной деформации структуры "кость - протез", а также оказывает влияние на динамику зарождения и развития повреждений в костной ткани.
Sprog:russisk
Udgivet: 2004
Serier:Технические науки
Fag:
Online adgang:http://www.lib.tpu.ru/fulltext/v/Bulletin_TPU/2004/v307/i6/27.pdf
Format: Electronisk Book Chapter
KOHA link:https://koha.lib.tpu.ru/cgi-bin/koha/opac-detail.pl?biblionumber=169919

MARC

LEADER 00000nla2a2200000 4500
001 169919
005 20240221114530.0
035 |a (RuTPU)RU\TPU\book\184286 
035 |a RU\TPU\book\184282 
090 |a 169919 
100 |a 20091118d2004 k y0rusy50 ca 
101 0 |a rus 
102 |a RU 
135 |a drnn ---uucaa 
181 0 |a i  
182 0 |a b 
200 1 |a Применение метода подвижных клеточных автоматов для оптимизации внутренней структуры эндопротеза тазобедренного сустава человека  |f И. С. Коноваленко [и др.] 
203 |a Текст  |c электронный 
215 |a 1 файл (2.4 Мб) 
225 1 |a Технические науки 
300 |a Заглавие с титульного листа 
300 |a Электронная версия печатной публикации 
320 |a [Библиогр.: с. 120-121 (14 назв.)] 
330 |a На основе метода подвижных клеточных автоматов проведено изучение влияния конструкционных изменений эндопротеза тазобедренного сустава человека на деформационные и прочностные свойства, а также динамику генерации и развития повреждений в системе "сустав-эндопротез-бедренная кость". Структура протеза модифицировалась введением в шейку демпфирующих включений и нанесением покрытия на ножку имплантата. Показано, что наличие таких включений практически не изменяет прочность системы, но при этом ведет к заметному увеличению предельной деформации структуры "кость - протез", а также оказывает влияние на динамику зарождения и развития повреждений в костной ткани. 
337 |a Adobe Reader 
461 1 |0 (RuTPU)RU\TPU\book\176237  |t Известия Томского политехнического университета [Известия ТПУ]  |f Томский политехнический университет (ТПУ)  |d 2000- 
463 1 |0 (RuTPU)RU\TPU\book\184225  |t Т. 307, № 6  |v [С. 116-121]  |d 2004  |p 191  
610 1 |a применение 
610 1 |a методы 
610 1 |a клеточные автоматы 
610 1 |a оптимизация 
610 1 |a внутренние структуры 
610 1 |a эндопротезы 
610 1 |a тазобедренный сустав 
610 1 |a изменения 
610 1 |a деформационные свойства 
610 1 |a прочностные свойства 
610 1 |a динамика 
610 1 |a генерация 
610 1 |a повреждения 
610 1 |a системы 
610 1 |a протезы 
610 1 |a шейка 
610 1 |a демпфирующие включения 
610 1 |a покрытия 
610 1 |a имплантаты 
610 1 |a деформации 
610 1 |a структуры 
610 1 |a кости 
610 1 |a зарождение 
610 1 |a развитие 
610 1 |a костная ткань 
610 1 |a электронный ресурс 
701 1 |a Коноваленко  |b И. С.  |c физик  |c доцент Томского политехнического университета, кандидат физико-математических наук  |f 1980-  |g Игорь Сергеевич  |3 (RuTPU)RU\TPU\pers\35774  |9 18931 
701 1 |a Шилько  |b Е. В.  |c физик  |c инженер Томского политехнического университета, доктор физико-математических наук  |f 1973-  |g Евгений Викторович  |3 (RuTPU)RU\TPU\pers\35910 
701 1 |a Псахье  |b С. Г.  |c доктор физико-математических наук  |c зав. каф. физики высоких технологий в машиностроении (ФВТМ) МСФ, ТПУ  |c директор Института физики прочности и материаловедения СО РАН  |c профессор Томского государоственного университета  |f 1952-  |g Сергей Григорьевич  |3 (RuTPU)RU\TPU\pers\25589 
701 1 |a Карлов  |b А. В. 
701 1 |a Смолин  |b А. Ю.  |c специалист в области материаловедения  |c инженер Томского политехнического университета, доктор физико-математических наук  |f 1963-  |g Алексей Юрьевич  |3 (RuTPU)RU\TPU\pers\34806 
801 1 |a RU  |b 63413507  |c 20090623  |g PSBO 
801 2 |a RU  |b 63413507  |c 20210728  |g PSBO 
856 4 |u http://www.lib.tpu.ru/fulltext/v/Bulletin_TPU/2004/v307/i6/27.pdf 
942 |c CF